Príručka Európskej únie
Gespeichert in:
| 1. Verfasser: | |
|---|---|
| Weitere Verfasser: | |
| Format: | Buch |
| Sprache: | Slowakisch |
| Veröffentlicht: |
Bratislava
Zastúpenie Európskej komisie v Slovenskej republike
2004
|
| Schlagworte: | |
| Tags: |
Keine Tags, Fügen Sie das erste Tag hinzu!
|
MARC
| LEADER | 00000nam$a2200000$$$4500 | ||
|---|---|---|---|
| 001 | 0024924 | ||
| 005 | 20240313133414.3 | ||
| 020 | |a 80-89102-09-3 | ||
| 041 | 0 | |a slo | |
| 044 | |a SK | ||
| 245 | 1 | 0 | |a Príručka Európskej únie |c Zoltán Horváth ; preklad: Judita Kramerová ... [et al.] |
| 264 | 1 | |a Bratislava |b Zastúpenie Európskej komisie v Slovenskej republike |c 2004 | |
| 300 | |a 520 s. | ||
| 610 | 2 | 0 | |a integrácia ekonomická medzinárodná |
| 610 | 2 | 0 | |a dejiny |
| 610 | 2 | 0 | |a štruktúra organizačná |
| 610 | 2 | 0 | |a rozpočty |
| 610 | 2 | 0 | |a rozhodovanie |
| 610 | 2 | 0 | |a legislatíva |
| 610 | 2 | 0 | |a trh |
| 610 | 2 | 0 | |a únie menové |
| 610 | 2 | 0 | |a únie hospodárske |
| 610 | 2 | 0 | |a politika obchodná |
| 610 | 2 | 0 | |a vzťahy medzinárodné |
| 610 | 2 | 0 | |a hospodárstvo svetové |
| 610 | 2 | 0 | |a súťaž hospodárska |
| 610 | 2 | 0 | |a poľnohospodárstvo |
| 610 | 2 | 0 | |a rybolov |
| 610 | 2 | 0 | |a doprava |
| 610 | 2 | 0 | |a politika regionálna |
| 610 | 2 | 0 | |a politika sociálna |
| 610 | 2 | 0 | |a politika zamestnanosti |
| 610 | 2 | 0 | |a priemysel |
| 610 | 2 | 0 | |a prostredie životné |
| 610 | 2 | 0 | |a zdravotníctvo |
| 610 | 2 | 0 | |a vzdelávanie |
| 610 | 2 | 0 | |a kultúra |
| 610 | 2 | 0 | |a Európska únia |
| 100 | 1 | |a Horváth, Zoltán | |
| 700 | 1 | |a Kramerová, Judita | |